[Event "119th YMCA Winter-D"]
[Site "Warszawa"]
[Date "2013.01.29"]
[Round "4"]
[White "Krzyzanowski, Antoni"]
[Black "Rodak, Przemyslaw"]
[Result "0-1"]
[WhiteElo "1708"]
[BlackElo "1684"]
[PlyCount "48"]
[EventDate "2013.01.08"]
[EventType "tourn"]
[EventRounds "1"]
[EventCountry "POL"]
[SourceDate "2013.01.07"]

1. e4 c5 2. c4 Nc6 3. f4 d6 4. Nf3 Nf6 5. Nc3 g6 6. Be2 Bg7 7. O-O Bg4 8. h3
Bxf3 9. Bxf3 e6 10. g4 h5 11. g5 Nd7 12. d3 a6 13. f5 Bd4+ 14. Kh1 Nde5 15.
fxe6 fxe6 16. Be2 Qe7 17. Rb1 O-O-O 18. a3 Rdf8 19. Na4 Rxf1+ 20. Bxf1 Rf8 21.
b4 cxb4 22. axb4 Rf2 23. b5 Qf7 24. bxc6 Rxf1+ 0-1

[Event "119th YMCA Winter-D"]
[Site "Warszawa"]
[Date "2013.01.24"]
[Round "4"]
[White "Kaniewska, Emilia"]
[Black "Jackiewicz, Jerzy"]
[Result "1/2-1/2"]
[WhiteElo "1620"]
[BlackElo "1522"]
[Annotator "Admin"]
[PlyCount "130"]
[EventDate "2013.01.08"]
[EventType "tourn"]
[EventRounds "1"]
[EventCountry "POL"]
[SourceDate "2013.01.07"]

1. c4 Nf6 2. Nc3 e6 3. d4 d5 4. e3 Be7 5. Nf3 O-O 6. b3 b6 7. Bd3 Bb7 8. O-O
Nbd7 9. Ne5 c5 10. f4 Ne4 11. Bxe4 dxe4 12. Qc2 f5 13. Rd1 Nxe5 14. fxe5 Qc8
15. d5 Rd8 16. d6 Bf8 17. Bd2 Bc6 18. Be1 Rd7 19. a3 g5 20. Qf2 Rf7 21. Ne2 Bd7
22. Ng3 Bg7 23. Nh5 Bxe5 24. Rac1 Qf8 25. Bc3 Bxc3 26. Rxc3 Qh6 27. Qe2 Raf8
28. g3 Be8 29. g4 Rd7 30. Ng3 Rf6 31. b4 Qf8 32. Qd2 Bg6 33. bxc5 bxc5 34. gxf5
exf5 35. Qd5+ Bf7 36. Qxc5 Rfxd6 37. Rxd6 Qxd6 38. Qxd6 Rxd6 39. Nxf5 Rd1+ 40.
Kf2 Rd2+ 41. Kg3 h5 42. h3 Be6 43. Nd4 Kf7 44. c5 Rd3 45. Nb5 a6 46. Nd6+ Ke7
47. Nxe4 Rxc3 48. Nxc3 h4+ 49. Kg2 Kf6 50. Ne4+ Kf5 51. Nd6+ Ke5 52. e4 Bd7 53.
Nf7+ Kxe4 54. Nxg5+ $11 Kd4 55. Nf3+ Kxc5 56. Nxh4 Kc4 57. Ng6 Kb3 58. h4 Kxa3
59. h5 Be8 60. Nf4 a5 61. h6 Bc6+ 62. Kf2 Be4 63. Ke3 Bh7 64. Kd2 Kb2 65. Nd3+
Kb3 $11 1/2-1/2

[Event "119th YMCA Winter-D"]
[Site "Warszawa"]
[Date "2013.01.23"]
[Round "5"]
[White "Rodak, Przemyslaw"]
[Black "Kaniewska, Emilia"]
[Result "0-1"]
[WhiteElo "1684"]
[BlackElo "1620"]
[PlyCount "88"]
[EventDate "2013.01.08"]
[EventType "tourn"]
[EventRounds "1"]
[EventCountry "POL"]
[SourceDate "2013.01.07"]

1. d4 f5 2. c4 Nf6 3. Nc3 d6 4. Nf3 g6 5. Bf4 Bg7 6. e3 O-O 7. Be2 Nh5 8. Bg5
h6 9. Bh4 c6 10. Qb3 Kh7 11. O-O Qe8 12. d5 Nd7 13. Rad1 Nc5 14. Qc2 f4 15.
exf4 Nxf4 16. Rfe1 Bf5 17. Qd2 g5 18. Bg3 Nxe2+ 19. Rxe2 Qf7 20. Ne1 a5 21. Qe3
Rae8 22. Qc1 Qg6 23. b3 h5 24. f3 h4 25. Bf2 Qf6 26. Bd4 Qg6 27. Bxg7 Kxg7 28.
h3 Rf6 29. Qa3 Qf7 30. Qxa5 g4 31. Ne4 Bxe4 32. Qc3 gxf3 33. gxf3 Kh7 34. Rd4
Rg8+ 35. Kh1 Rxf3 36. Nxf3 Bxf3+ 37. Kh2 Ne4 38. Rdxe4 Bxe4 39. Qe3 cxd5 40.
cxd5 Bxd5 41. Qd4 Qf6 42. Qxd5 Qf4+ 43. Kh1 Qf1+ 44. Kh2 Qg2+ 0-1

[Event "119th YMCA Winter-D"]
[Site "Warszawa"]
[Date "2013.02.05"]
[Round "5"]
[White "Wilczynski, Adam"]
[Black "Krzyzanowski, Antoni"]
[Result "1-0"]
[WhiteElo "1648"]
[BlackElo "1708"]
[PlyCount "81"]
[EventDate "2013.01.08"]
[EventType "tourn"]
[EventRounds "1"]
[EventCountry "POL"]
[SourceDate "2013.01.07"]

1. c4 c5 2. g3 Nc6 3. Bg2 e5 4. Nc3 f5 5. d3 Nf6 6. e4 d6 7. Nge2 Be7 8. a3 O-O
9. O-O h6 10. Rb1 a5 11. h3 g5 12. exf5 Bxf5 13. Nd5 Qd7 14. Nb6 Qd8 15. Nxa8
Qxa8 16. g4 Be6 17. Nc3 Qc8 18. Kh2 Kg7 19. Be3 Bd8 20. Qd2 Rh8 21. Nd5 Nh7 22.
b4 h5 23. bxc5 hxg4 24. cxd6 g3+ 25. fxg3 Bxh3 26. Qb2 Bxg2 27. Qxb7+ Ne7 28.
Kxg2 Nf6 29. Qxc8 Nxc8 30. Rb7+ Kg6 31. d7 Nd6 32. Rxf6+ Bxf6 33. Rb6 Kf5 34.
Rxd6 Bd8 35. Bb6 e4 36. Ne3+ Ke5 37. Rd5+ Ke6 38. Bxd8 Rxd8 39. dxe4 Rxd7 40.
Rxd7 Kxd7 41. Kf3 1-0

[Event "119th YMCA Winter-D"]
[Site "Warszawa"]
[Date "2013.02.18"]
[Round "5"]
[White "Duniec, Mateusz"]
[Black "Sanz-Wawer, Daniel"]
[Result "1/2-1/2"]
[WhiteElo "1619"]
[BlackElo "1572"]
[PlyCount "44"]
[EventDate "2013.01.08"]
[EventType "tourn"]
[EventRounds "1"]
[EventCountry "POL"]
[SourceDate "2013.01.07"]

1. e4 e6 2. d4 d5 3. Nd2 Nf6 4. e5 Nfd7 5. Bd3 c5 6. c3 Nc6 7. Ne2 cxd4 8. cxd4
f6 9. exf6 Nxf6 10. Nf3 Bd6 11. O-O O-O 12. Bf4 Bxf4 13. Nxf4 Qd6 14. Ne2 e5
15. dxe5 Nxe5 16. Nxe5 Qxe5 17. Qc2 Bd7 18. Rae1 Rac8 19. Qd2 Ng4 20. Ng3 Qf6
21. h3 Nh6 22. Re2 Rfe8 1/2-1/2

[Event "119th YMCA Winter-D"]
[Site "Warszawa"]
[Date "2013.02.05"]
[Round "5"]
[White "Bartczak, Hanna"]
[Black "Duda, Ryszard"]
[Result "1-0"]
[WhiteElo "1543"]
[BlackElo "1635"]
[PlyCount "115"]
[EventDate "2013.01.08"]
[EventType "tourn"]
[EventRounds "1"]
[EventCountry "POL"]
[SourceDate "2013.01.07"]

1. d4 d5 2. c4 Nf6 3. Nf3 g6 4. Nc3 Bg7 5. Bg5 dxc4 6. e3 a6 7. Bxc4 b5 8. Bb3
Bb7 9. O-O O-O 10. a3 Nbd7 11. Rc1 c5 12. Ba2 cxd4 13. Nxd4 Rc8 14. Qe2 Qb6 15.
Rfd1 Nc5 16. Nf3 e6 17. Bf4 Rfd8 18. Be5 Rxd1+ 19. Rxd1 Rd8 20. Bd4 Qc6 21. Rc1
Nce4 22. Qf1 Qe8 23. Qe2 Rc8 24. Nd2 Nxd2 25. Qxd2 Qc6 26. f3 Qd6 27. Ne2 Rd8
28. Qe1 e5 29. Bc5 Qd7 30. e4 Bh6 31. Rc2 Rc8 32. b4 Be3+ 33. Kf1 Qd8 34. Nc1
Bxc5 35. bxc5 Qd4 36. Nb3 Qd3+ 37. Qe2 Qd8 38. Rd2 Qc7 39. Qd1 Kg7 40. Rd6 a5
41. Qa1 Re8 42. Qc3 Nd7 43. Nxa5 Qxc5 44. Qxc5 Nxc5 45. Nxb7 Nxb7 46. Rb6 Rc8
47. Bd5 Rc1+ 48. Kf2 Nc5 49. Rxb5 Nd3+ 50. Kg3 Rc2 51. Rb7 Nf4 52. Rxf7+ Kh6
53. Rxf4 exf4+ 54. Kxf4 Rxg2 55. h4 Kh5 56. Ke3 Kxh4 57. e5 Kg5 58. f4+ 1-0

[Event "119th YMCA Winter-D"]
[Site "Warszawa"]
[Date "2013.02.05"]
[Round "5"]
[White "Chylewski, Patryk"]
[Black "Budrewicz, Henryk"]
[Result "1/2-1/2"]
[WhiteElo "1666"]
[BlackElo "1585"]
[PlyCount "118"]
[EventDate "2013.01.08"]
[EventType "tourn"]
[EventRounds "1"]
[EventCountry "POL"]
[SourceDate "2013.01.07"]

1. d4 e6 2. c4 b6 3. e4 Bb7 4. Nc3 Bb4 5. f3 f5 6. e5 Ne7 7. a3 Bxc3+ 8. bxc3
O-O 9. Bg5 h6 10. Bxe7 Qxe7 11. f4 d6 12. Nf3 Nd7 13. Bd3 dxe5 14. fxe5 g5 15.
O-O g4 16. Ne1 Qg5 17. g3 Rf7 18. Ng2 Bxg2 19. Kxg2 f4 20. Rxf4 Rxf4 21. gxf4
Qxf4 22. Qe2 Rf8 23. Rf1 Qxf1+ 24. Qxf1 Rxf1 25. Bxf1 Kg7 26. Kg3 h5 27. h3
gxh3 28. Bxh3 Nf8 29. Kf4 Kg6 30. d5 exd5 31. cxd5 Kf7 32. d6 cxd6 33. exd6
Ne6+ 34. Ke5 Nd8 35. a4 Nc6+ 36. Kd5 Nd8 37. Bd7 Kf6 38. Bh3 h4 39. c4 Kf7 40.
Bc8 Kf6 41. Bd7 Kf7 42. Ke5 Nb7 43. Bg4 Ke8 44. Kd5 Kd8 45. Kc6 Na5+ 46. Kb5
Nb7 47. Kc6 Na5+ 48. Kd5 Nb7 49. Bf5 Na5 50. c5 bxc5 51. Kxc5 Nb3+ 52. Kd5 Na5
53. Bd3 h3 54. Kc5 h2 55. Be4 Nb3+ 56. Kb4 Nd4 57. Kc5 Nb3+ 58. Kc6 Na5+ 59.
Kb5 Nb3 1/2-1/2

[Event "119th YMCA Winter-D"]
[Site "Warszawa"]
[Date "2013.02.06"]
[Round "5"]
[White "Kalhorn, Marcin"]
[Black "Zwolan, Anna"]
[Result "0-1"]
[WhiteElo "1635"]
[BlackElo "1650"]
[Annotator "Admin"]
[PlyCount "62"]
[EventDate "2013.01.08"]
[EventType "tourn"]
[EventRounds "1"]
[EventCountry "POL"]
[SourceDate "2013.01.07"]

1. e4 g6 2. Nc3 Bg7 3. f4 c5 4. Nf3 Nc6 5. Bb5 Nf6 6. O-O O-O 7. d3 Qb6 8. Qe1
Nd4 9. Ba4 Qa6 10. Be3 Qb6 11. Rb1 Ng4 12. Bd2 Nxf3+ 13. gxf3 Nf6 14. Be3 Nh5
15. Nd5 Qd6 16. Bb3 Re8 17. e5 Qc6 18. Qh4 Kf8 19. Rbe1 b5 20. c4 a6 21. Bd2 d6
22. Qf2 Bf5 23. d4 Bh3 24. exd6 Qxd6 25. dxc5 Qc6 26. cxb5 axb5 27. Qe3 Bxf1
28. Kxf1 Qd7 29. Nb6 Qh3+ 30. Kg1 Rad8 31. Bb4 Bd4 $138 0-1

[Event "119th YMCA Winter-D"]
[Site "Warszawa"]
[Date "2013.02.12"]
[Round "6"]
[White "Budrewicz, Henryk"]
[Black "Kalhorn, Marcin"]
[Result "0-1"]
[WhiteElo "1585"]
[BlackElo "1635"]
[PlyCount "144"]
[EventDate "2013.01.08"]
[EventType "tourn"]
[EventRounds "1"]
[EventCountry "POL"]
[SourceDate "2013.01.07"]

1. d4 g6 2. Bf4 Bg7 3. e3 d6 4. Nf3 Nd7 5. Bd3 e5 6. Bg3 Qe7 7. dxe5 dxe5 8.
Nbd2 Ngf6 9. e4 Nh5 10. O-O Nxg3 11. fxg3 O-O 12. c3 Nc5 13. Be2 Bd7 14. b4 Na4
15. Qc2 a5 16. a3 Rfc8 17. Kh1 b5 18. Nb3 axb4 19. axb4 c5 20. bxc5 Nxc5 21.
Rxa8 Rxa8 22. Nfd2 Nxb3 23. Nxb3 Bc6 24. Bd3 Ra3 25. Qb2 Qa7 26. Nc1 Qa4 27.
Re1 Bh6 28. Bc2 Qa5 29. Ne2 Bd2 30. Rd1 Bxc3 31. Nxc3 Qxc3 32. Qxc3 Rxc3 33.
Bd3 b4 34. Bb1 b3 35. Kg1 b2 36. Kf2 Ba4 37. Rd2 Rb3 38. Ke1 Re3+ 39. Kf2 Rb3
40. Rc2 Rb4 41. Rc3 Rd4 42. Rd3 Rc4 43. Rd2 Rb4 44. Ke1 Bc6 45. Re2 Bb5 46. Rd2
Bc6 47. Re2 Kf8 48. Kf2 Ke7 49. g4 Kd6 50. Rd2+ Kc5 51. Ke3 Rb3+ 52. Rd3 Rxd3+
53. Kxd3 Kb4 54. Kd2 Ka3 55. g5 Bd7 56. h3 Be6 57. Kc3 Ba2 58. Kc2 Bc4 59. h4
Bf1 60. g3 Bg2 61. Kc3 Bf3 62. Kc4 Bd1 63. Kc3 Bb3 64. Kd2 Ba2 65. Kc2 Bxb1+
66. Kxb1 Kb3 67. g4 Kc3 68. h5 Kd3 69. Kxb2 Kxe4 70. Kc3 Kf4 71. hxg6 hxg6 72.
Kd3 Kxg5 0-1

[Event "119th YMCA Winter-D"]
[Site "Warszawa"]
[Date "2013.02.12"]
[Round "6"]
[White "Duda, Ryszard"]
[Black "Chylewski, Patryk"]
[Result "1/2-1/2"]
[WhiteElo "1635"]
[BlackElo "1666"]
[Annotator "Admin"]
[PlyCount "106"]
[EventDate "2013.01.08"]
[EventType "tourn"]
[EventRounds "1"]
[EventCountry "POL"]
[SourceDate "2013.01.07"]

1. e4 c5 2. Nf3 d6 3. d4 cxd4 4. Nxd4 Nf6 5. Nc3 a6 6. f3 e6 7. Be3 b5 8. Qd2
Bb7 9. O-O-O Nbd7 10. g4 Nb6 11. h4 Qc7 12. Kb1 Rc8 13. h5 b4 14. Ncb5 axb5 15.
Bxb5+ Nfd7 16. Qf2 Nc4 17. Bc1 Ra8 18. Qe2 Ba6 19. Qxc4 Qxc4 20. Bxc4 Bxc4 21.
b3 Ba6 22. Rde1 Bb7 23. Nb5 Rc8 24. Bd2 d5 25. e5 Ba6 26. Nd6+ Bxd6 27. exd6
Rb8 28. f4 O-O 29. g5 Nc5 30. Be3 Ne4 31. Bd4 f6 32. gxf6 gxf6 33. Rhg1+ Kf7
34. Kb2 Rg8 35. h6 Bb5 36. c4 bxc3+ 37. Bxc3 Nxc3 38. Kxc3 Rxg1 39. Rxg1 Rg8
40. Rxg8 Kxg8 41. a4 Bd7 42. a5 e5 43. fxe5 fxe5 44. a6 Kf7 45. Kb4 e4 46. Kc5
e3 47. a7 e2 48. a8=Q e1=Q 49. Qxd5+ Qe6 50. b4 Kf6 51. Qxe6+ Kxe6 52. b5 Bxb5
$11 53. Kxb5 Kxd6 1/2-1/2

[Event "119th YMCA Winter-D"]
[Site "Warszawa"]
[Date "2013.02.12"]
[Round "6"]
[White "Sanz-Wawer, Daniel"]
[Black "Bartczak, Hanna"]
[Result "0-1"]
[WhiteElo "1572"]
[BlackElo "1543"]
[PlyCount "134"]
[EventDate "2013.01.08"]
[EventType "tourn"]
[EventRounds "1"]
[EventCountry "POL"]
[SourceDate "2013.01.07"]

1. d4 d6 2. c4 Nf6 3. Nc3 g6 4. e4 Bg7 5. Be3 Nbd7 6. f3 c6 7. Bd3 e5 8. d5 Nh5
9. Nge2 Qh4+ 10. Bf2 Qg5 11. O-O Nf4 12. Nxf4 exf4 13. Kh1 Nf6 14. Be2 Nh5 15.
dxc6 Ng3+ 16. Bxg3 fxg3 17. hxg3 Qxg3 18. Qe1 Qxe1 19. Rfxe1 bxc6 20. Rad1 Ke7
21. Rd3 Be6 22. b3 a5 23. Red1 Rhb8 24. Na4 Be5 25. Kg1 c5 26. Kf2 Bd7 27. Nc3
a4 28. Ke3 Bd4+ 29. Kd2 axb3 30. axb3 Ke6 31. Kc2 Ra3 32. Rb1 Ke5 33. g3 Be6
34. Na4 Ra2+ 35. Kd1 Rxa4 36. Rd2 Ra1 37. f4+ Kf6 38. Rxa1 Bxa1 39. Rxd6 Ke7
40. Ra6 Bd4 41. Kc2 Bc8 42. Ra7+ Rb7 43. Ra8 Bd7 44. Ra6 Bf2 45. g4 Rc7 46. Ra5
Bc6 47. Bd3 Rd7 48. Ra6 Bb7 49. Ra1 Kd8 50. Rh1 Rd4 51. Rxh7 Ke7 52. f5 gxf5
53. exf5 Rxg4 54. Kd2 Bd4 55. Rh6 Rg2+ 56. Ke1 Bf3 57. Rb6 Be3 58. Rb7+ Kf6 59.
Rb6+ Ke5 60. Rb8 Rg1+ 61. Bf1 Kxf5 62. Rf8 f6 63. Re8 Bd4 64. Rd8 Bg2 65. b4
Rxf1+ 66. Ke2 Rf2+ 67. Kd3 Be4# 0-1

[Event "119th YMCA Winter-D"]
[Site "Warszawa"]
[Date "2013.02.21"]
[Round "6"]
[White "Krzyzanowski, Antoni"]
[Black "Duniec, Mateusz"]
[Result "0-1"]
[WhiteElo "1708"]
[BlackElo "1619"]
[Annotator "Admin"]
[PlyCount "66"]
[EventDate "2013.01.08"]
[EventType "tourn"]
[EventRounds "1"]
[EventCountry "POL"]
[SourceDate "2013.01.07"]

1. e4 c5 2. c4 Nc6 3. Nc3 g6 4. g3 Bg7 5. Bg2 d6 6. d3 Rb8 7. f4 a6 8. Nh3 Nd4
9. O-O e6 10. Kh1 Ne7 11. g4 f5 12. gxf5 gxf5 13. Qh5+ Kf8 14. Ng5 Ng6 15. exf5
Nxf5 16. Re1 Nd4 17. Nce4 h6 18. Qxg6 hxg5 19. fxg5 Be5 $11 20. Rf1+ Nf5 21.
Bf4 Rg8 22. Qh5 Rh8 $11 23. Qf3 Bxf4 24. Qxf4 Kg7 25. Nf6 Rh4 26. Qf2 Qh8 27.
Be4 b5 28. Bxf5 exf5 29. Ne8+ Qxe8 30. Qxh4 Bb7+ 31. Kg1 Qe3+ 32. Rf2 Rh8 33.
Qg3 Qxg3+ 0-1

[Event "119th YMCA Winter-D"]
[Site "Warszawa"]
[Date "2013.02.12"]
[Round "6"]
[White "Kaniewska, Emilia"]
[Black "Wilczynski, Adam"]
[Result "1-0"]
[WhiteElo "1620"]
[BlackElo "1648"]
[PlyCount "79"]
[EventDate "2013.01.08"]
[EventType "tourn"]
[EventRounds "1"]
[EventCountry "POL"]
[SourceDate "2013.01.07"]

1. c4 e5 2. Nc3 Nf6 3. g3 Bb4 4. Nf3 Nc6 5. Nd5 Bc5 6. Bg2 d6 7. e3 O-O 8. O-O
Be6 9. d4 exd4 10. exd4 Bxd5 11. cxd5 Bb6 12. dxc6 bxc6 13. Qc2 Qd7 14. Bg5 Nd5
15. Rac1 h6 16. Bd2 Ne7 17. a4 a5 18. Rfe1 Rab8 19. h4 c5 20. dxc5 dxc5 21. Be3
Nc6 22. Bxc5 Nb4 23. Bxb4 axb4 24. Ne5 Qd6 25. Rcd1 b3 26. Qc4 Qf6 27. Qf1 Rbd8
28. Nd7 Rxd7 29. Rxd7 Qxb2 30. Bd5 Qc3 31. Kh2 c6 32. Bc4 b2 33. Rxf7 Rxf7 34.
Re8+ Kh7 35. Bxf7 Qc2 36. Bg8+ Kg6 37. Re6+ Kh5 38. Bf7+ Kg4 39. Qh3+ Kf3 40.
Bh5+ 1-0

[Event "119th YMCA Winter-D"]
[Site "Warszawa"]
[Date "2013.02.12"]
[Round "6"]
[White "Jackiewicz, Jerzy"]
[Black "Rodak, Przemyslaw"]
[Result "1/2-1/2"]
[WhiteElo "1522"]
[BlackElo "1684"]
[Annotator "Admin"]
[PlyCount "102"]
[EventDate "2013.01.08"]
[EventType "tourn"]
[EventRounds "1"]
[EventCountry "POL"]
[SourceDate "2013.01.07"]

1. e4 Nf6 2. e5 Nd5 3. d4 d6 4. Nf3 Bg4 5. c4 Nb6 6. Bf4 Nc6 7. h3 Bxf3 8. gxf3
dxe5 9. dxe5 Qxd1+ 10. Kxd1 O-O-O+ 11. Nd2 Nd4 12. Kc1 g6 13. Be3 Bg7 14. f4
Bh6 15. a4 a6 16. a5 Na8 17. h4 Kb8 18. Ra3 Ne6 19. Rb3 c6 20. Bg2 Kc7 21. Ne4
Bxf4 22. Rd1 Bxe3+ 23. fxe3 Rxd1+ 24. Kxd1 Rd8+ 25. Ke2 b6 26. Ra3 Rb8 27. b4
bxa5 28. Rxa5 Rxb4 29. Rxa6 Kb7 30. Ra2 Rxc4 31. Kd3 Rb4 32. Kc3 Rb5 33. Ng5
Nxg5 34. Rxa8 Kxa8 35. Bxc6+ Rb7 36. hxg5 Kb8 37. Bxb7 Kxb7 38. Kd4 Kc6 39. Kc4
Kd7 40. Kd5 f6 41. exf6 exf6 42. gxf6 h5 43. Ke5 h4 44. Kf4 Ke6 45. Kg5 h3 46.
Kxg6 h2 47. f7 h1=Q 48. f8=Q Qg2+ 49. Kh7 Qe4+ 50. Kg8 Qg6+ 51. Qg7 Qxg7+ $11
1/2-1/2

[Event "119th YMCA Winter-D"]
[Site "Warszawa"]
[Date "2013.02.19"]
[Round "7"]
[White "Wilczynski, Adam"]
[Black "Jackiewicz, Jerzy"]
[Result "0-1"]
[WhiteElo "1648"]
[BlackElo "1522"]
[PlyCount "60"]
[EventDate "2013.01.08"]
[EventType "tourn"]
[EventRounds "1"]
[EventCountry "POL"]
[SourceDate "2013.01.07"]

1. c4 e5 2. g3 f5 3. Bg2 c6 4. d4 e4 5. d5 cxd5 6. cxd5 d6 7. f3 Nf6 8. Nc3
exf3 9. Nxf3 Be7 10. Nd4 O-O 11. O-O Ng4 12. h3 Ne5 13. Kh2 Na6 14. e4 fxe4 15.
Rxf8+ Qxf8 16. Nxe4 Nc7 17. Qb3 Kh8 18. Bf4 Ng6 19. Be3 Qf7 20. Nc3 Ne5 21. Qd1
Bd7 22. Qe2 Rf8 23. Rf1 Qe8 24. Bf4 Ng6 25. Re1 Nxf4 26. Qxe7 Nxg2 27. Qxd6
Nxe1 28. Qxc7 Rf2+ 29. Kg1 Qf8 30. Ne4 Rg2+ 0-1

[Event "119th YMCA Winter-D"]
[Site "Warszawa"]
[Date "2013.02.25"]
[Round "7"]
[White "Duniec, Mateusz"]
[Black "Kaniewska, Emilia"]
[Result "1-0"]
[WhiteElo "1619"]
[BlackElo "1620"]
[PlyCount "65"]
[EventDate "2013.01.08"]
[EventType "tourn"]
[EventRounds "1"]
[EventCountry "POL"]
[SourceDate "2013.01.07"]

1. e4 c5 2. Nf3 d6 3. d4 cxd4 4. Nxd4 Nf6 5. Nc3 a6 6. Bg5 e6 7. f4 Be7 8. Qf3
Qc7 9. O-O-O Nbd7 10. g4 b5 11. Bxf6 Nxf6 12. g5 Nd7 13. f5 Bxg5+ 14. Kb1 Ne5
15. Qh5 Bf6 16. fxe6 g6 17. Nd5 Qd8 18. exf7+ Kxf7 19. Qe2 Bg4 20. Qd2 Bxd1 21.
Qxd1 Re8 22. Bh3 Nd7 23. Bxd7 Qxd7 24. Rf1 Qa7 25. Nxf6 Rec8 26. Nxh7+ Kg7 27.
Ng5 Kg8 28. Nde6 Rab8 29. Qd5 Kh8 30. Qxd6 b4 31. Nf7+ Kh7 32. Qe5 g5 33. Qg7#
1-0

[Event "119th YMCA Winter-D"]
[Site "Warszawa"]
[Date "2013.02.01"]
[Round "7"]
[White "Bartczak, Hanna"]
[Black "Krzyzanowski, Antoni"]
[Result "0-1"]
[WhiteElo "1543"]
[BlackElo "1708"]
[PlyCount "60"]
[EventDate "2013.01.08"]
[EventType "tourn"]
[EventRounds "1"]
[EventCountry "POL"]
[SourceDate "2013.01.07"]

1. Nf3 f5 2. d4 Nf6 3. c4 e6 4. Nc3 b6 5. g3 Bb7 6. Bg2 d6 7. O-O Be7 8. a4 a5
9. Re1 Na6 10. Ng5 Bxg2 11. Kxg2 Qd7 12. d5 e5 13. Ne6 g6 14. f3 h6 15. e4 Nc5
16. Nxc5 bxc5 17. Qb3 Kf7 18. Qc2 h5 19. f4 h4 20. exf5 hxg3 21. Kxg3 exf4+ 22.
Bxf4 Nh5+ 23. Kf3 Nxf4 24. Kxf4 Rh4+ 25. Kg3 Rah8 26. Rh1 gxf5 27. Raf1 Rg4+
28. Kf3 Bg5 29. Ke2 Qe7+ 30. Kd1 Rd4+ 0-1

[Event "119th YMCA Winter-D"]
[Site "Warszawa"]
[Date "2013.02.13"]
[Round "7"]
[White "Chylewski, Patryk"]
[Black "Sanz-Wawer, Daniel"]
[Result "0-1"]
[WhiteElo "1666"]
[BlackElo "1572"]
[PlyCount "50"]
[EventDate "2013.01.08"]
[EventType "tourn"]
[EventRounds "1"]
[EventCountry "POL"]
[SourceDate "2013.01.07"]

1. d4 Nf6 2. c4 e6 3. Nc3 Bb4 4. Qc2 c5 5. e3 Nc6 6. Nf3 cxd4 7. exd4 h6 8. Bd3
d5 9. c5 e5 10. Nxe5 Nxd4 11. Qa4+ Nc6 12. Nxc6 Bxc3+ 13. bxc3 bxc6 14. Qxc6+
Bd7 15. Qd6 Qe7+ 16. Qxe7+ Kxe7 17. Bf4 Rac8 18. Bd6+ Kd8 19. f3 Ne8 20. Be5
Rxc5 21. Bxg7 Nxg7 22. Kd2 Bf5 23. Bxf5 Nxf5 24. Rab1 Kd7 25. Rhe1 Rhc8 0-1

[Event "119th YMCA Winter-D"]
[Site "Warszawa"]
[Date "2013.02.19"]
[Round "7"]
[White "Kalhorn, Marcin"]
[Black "Duda, Ryszard"]
[Result "1-0"]
[WhiteElo "1635"]
[BlackElo "1635"]
[PlyCount "47"]
[EventDate "2013.01.08"]
[EventType "tourn"]
[EventRounds "1"]
[EventCountry "POL"]
[SourceDate "2013.01.07"]

1. d4 Nf6 2. Nf3 d5 3. e3 g6 4. c4 Bg7 5. cxd5 Nxd5 6. e4 Nf6 7. Nc3 O-O 8. h3
c5 9. d5 Nfd7 10. Bf4 Qa5 11. Qd2 a6 12. Be2 b5 13. O-O Bb7 14. Bh6 Qc7 15.
Bxg7 Kxg7 16. a4 b4 17. Nd1 Ne5 18. Ne3 Nbd7 19. b3 Nxf3+ 20. Bxf3 Ne5 21. Qb2
Kg8 22. Be2 a5 23. Rac1 Qb6 24. Qxe5 1-0

[Event "119th YMCA Winter-D"]
[Site "Warszawa"]
[Date "2013.02.19"]
[Round "7"]
[White "Zwolan, Anna"]
[Black "Budrewicz, Henryk"]
[Result "1-0"]
[WhiteElo "1650"]
[BlackElo "1585"]
[Annotator "Admin"]
[PlyCount "88"]
[EventDate "2013.01.08"]
[EventType "tourn"]
[EventRounds "1"]
[EventCountry "POL"]
[SourceDate "2013.01.07"]

1. e4 e6 2. d4 b6 3. Nf3 Bb7 4. Bd3 Nf6 5. Qe2 d5 6. e5 Ne4 7. Nbd2 Nxd2 8.
Bxd2 Be7 9. O-O Nd7 10. c3 c5 11. b3 a5 12. dxc5 bxc5 13. Bc2 Qc7 14. Rfe1 Nb6
15. Qe3 c4 16. Nd4 Ba6 17. Qg3 g6 18. Qh3 O-O-O 19. bxc4 Bxc4 20. Bb3 h5 21.
Bxc4 Nxc4 22. Qd3 Nxd2 23. Qxd2 Kd7 24. Qd3 Qc4 25. Qf3 Rhf8 26. a4 Rc8 27. Nb5
Bc5 28. h3 Be7 29. Qe3 Qc5 30. Qd3 Qc4 31. Qe3 Bc5 32. Qf3 Qh4 33. Red1 Ke7 34.
Nd4 f6 35. Rab1 Rc7 36. exf6+ Rxf6 37. Qe3 Bxd4 38. Rxd4 Rxc3 39. Rxh4 Rxe3 40.
fxe3 Kd6 41. Rf1 Rxf1+ 42. Kxf1 e5 43. Ke2 Ke6 44. g4 hxg4 $138 1-0

[Event "119th YMCA Winter-D"]
[Site "Warszawa"]
[Date "2013.02.26"]
[Round "8"]
[White "Sanz-Wawer, Daniel"]
[Black "Kalhorn, Marcin"]
[Result "1-0"]
[WhiteElo "1572"]
[BlackElo "1635"]
[PlyCount "57"]
[EventDate "2013.01.08"]
[EventType "tourn"]
[EventRounds "1"]
[EventCountry "POL"]
[SourceDate "2013.01.07"]

1. d4 d5 2. c4 c6 3. cxd5 cxd5 4. Nc3 Nf6 5. Nf3 Nc6 6. Bf4 Nh5 7. Bg3 Nxg3 8.
hxg3 e6 9. e3 a6 10. a3 Bd7 11. Bd3 h6 12. Rc1 Qa5 13. e4 dxe4 14. Bxe4 Be7 15.
d5 exd5 16. Bxd5 O-O 17. O-O Rad8 18. Qb3 Qc7 19. Rfe1 Bd6 20. Ne4 Qb8 21. Nxd6
Qxd6 22. Rcd1 Qb8 23. Re4 Be8 24. Nh4 Kh8 25. Qf3 Ne5 26. Rxe5 Qxe5 27. Ng6+
fxg6 28. Qxf8+ Kh7 29. Qg8# 1-0

[Event "119th YMCA Winter-D"]
[Site "Warszawa"]
[Date "2013.02.26"]
[Round "8"]
[White "Krzyzanowski, Antoni"]
[Black "Chylewski, Patryk"]
[Result "1/2-1/2"]
[WhiteElo "1708"]
[BlackElo "1666"]
[PlyCount "88"]
[EventDate "2013.01.08"]
[EventType "tourn"]
[EventRounds "1"]
[EventCountry "POL"]
[SourceDate "2013.01.07"]

1. f4 d5 2. Nf3 c5 3. b3 Nf6 4. Bb2 g6 5. e3 Bg7 6. c4 O-O 7. cxd5 Nxd5 8. Bxg7
Kxg7 9. Be2 Bf5 10. O-O Nb4 11. Nc3 Bd3 12. Ne5 Bxe2 13. Qxe2 f6 14. Nc4 N8c6
15. f5 Nd3 16. Rad1 Rb8 17. e4 b5 18. Ne3 Nd4 19. Qg4 Ne5 20. Qh3 g5 21. Ng4
Nxg4 22. Qxg4 Qe8 23. e5 h5 24. Qe4 Qc6 25. Nd5 Ne2+ 26. Kh1 Rbc8 27. exf6+
exf6 28. Nxf6 Rxf6 29. Qxe2 Kh6 30. h4 Rg8 31. Qe3 Qd5 32. d4 c4 33. Qe5 Qc6
34. d5 Qd6 35. Rde1 Qxe5 36. Rxe5 cxb3 37. axb3 gxh4 38. d6 Rxd6 39. f6 Rf8 40.
Rxb5 Rfxf6 41. Rxf6+ Rxf6 42. Rb7 Rb6 43. Rxa7 Rxb3 44. Kh2 Kg5 1/2-1/2

[Event "119th YMCA Winter-D"]
[Site "Warszawa"]
[Date "2013.03.08"]
[Round "8"]
[White "Kaniewska, Emilia"]
[Black "Bartczak, Hanna"]
[Result "1-0"]
[WhiteElo "1620"]
[BlackElo "1543"]
[PlyCount "97"]
[EventDate "2013.01.08"]
[EventType "tourn"]
[EventRounds "1"]
[EventCountry "POL"]
[SourceDate "2013.01.07"]

1. f4 d5 2. Nf3 c5 3. g3 Nc6 4. Bg2 Nf6 5. O-O e6 6. d3 Be7 7. Qe1 Qb6 8. Kh1
d4 9. Na3 O-O 10. Nc4 Qc7 11. h3 b5 12. Nce5 Bb7 13. g4 Bd6 14. Nxc6 Bxc6 15.
Nh4 Nd5 16. g5 Nxf4 17. Bxf4 Bxf4 18. Rxf4 Qxf4 19. Bxc6 Rac8 20. Bxb5 Qxg5 21.
Nf3 Qe3 22. Qf1 Rb8 23. a4 Rb6 24. b3 e5 25. Bc4 Kh8 26. Qg2 f5 27. Qh2 e4 28.
Ne5 Rbf6 29. Nf7+ Kg8 30. Ne5+ Kh8 31. h4 f4 32. Nd7 Rg6 33. Nxf8 Rg3 34. Be6
exd3 35. cxd3 g6 36. Rg1 Kg7 37. Rxg3 fxg3 38. Qg2 Qc1+ 39. Qg1 Qf4 40. Bc4
Kxf8 41. Kg2 Qxh4 42. Qf1+ Kg7 43. Qf7+ Kh6 44. Qf8+ Kg5 45. Qxc5+ Kh6 46. Qf8+
Kh5 47. Qf3+ Qg4 48. Be6 Qxf3+ 49. exf3 1-0